Loading...
| History - World | 0 | 9 | 2 | 1 | 80 | 55 | 89.22 | 5 | 6 | 0.00 | 0.00 |
| Social Science | 0 | 8 | 0 | 0 | 80 | 44 | 93.38 | 0 | 3 | 0.00 | 0.00 |
| Fine Arts - Other | 0 | 9 | 2 | 2 | 80 | 94 | 130.44 | 0 | 0 | 0.00 | 0.00 |
| Literature - World | 0 | 8 | 1 | 1 | 75 | 77 | 116.38 | 2 | 5 | 0.00 | 0.00 |
| Current Events | 0 | 7 | 0 | 0 | 70 | 59 | 83.29 | 2 | 3 | 0.00 | 0.00 |
| History - American | 0 | 8 | 2 | 2 | 70 | 58 | 96.50 | 1 | 3 | 0.00 | 0.00 |
| Philosophy | 0 | 4 | 0 | 0 | 40 | 100 | 119.75 | 0 | 0 | 0.00 | 0.00 |
| History - European | 0 | 6 | 4 | 0 | 40 | 39 | 59.00 | 3 | 5 | 0.00 | 0.00 |
| Literature - American | 0 | 3 | 0 | 0 | 30 | 54 | 85.33 | 1 | 2 | 0.00 | 0.00 |
| Other Academic | 0 | 3 | 0 | 0 | 30 | 63 | 89.33 | 1 | 1 | 0.00 | 0.00 |
| History - Other | 0 | 6 | 6 | 2 | 30 | 49 | 101.33 | 1 | 2 | 0.00 | 0.00 |
| Religion | 0 | 4 | 2 | 1 | 30 | 78 | 106.25 | 0 | 2 | 0.00 | 0.00 |
| Geography | 0 | 3 | 1 | 0 | 25 | 63 | 84.00 | 1 | 2 | 0.00 | 0.00 |
| Literature - European | 0 | 3 | 1 | 1 | 25 | 127 | 135.33 | 0 | 0 | 0.00 | 0.00 |
| Fine Arts - Classical Music | 0 | 2 | 0 | 0 | 20 | 125 | 136.00 | 0 | 0 | 0.00 | 0.00 |
| Literature - British | 0 | 3 | 2 | 0 | 20 | 19 | 80.67 | 2 | 2 | 0.00 | 0.00 |
| Fine Arts - Painting & Sculpture | 0 | 3 | 2 | 0 | 20 | 91 | 108.33 | 0 | 1 | 0.00 | 0.00 |
| Science - Biology | 0 | 2 | 0 | 0 | 20 | 115 | 124.00 | 0 | 0 | 0.00 | 0.00 |
| Mythology | 0 | 1 | 0 | 0 | 10 | 86 | 86.00 | 0 | 0 | 0.00 | 0.00 |
| Science - Other | 0 | 1 | 1 | 0 | 5 | 113 | 113.00 | 0 | 0 | 0.00 | 0.00 |
| Science - Chemistry | 0 | 0 | 0 | 0 | 0 | 0.00 | 0 | 0 | 0.00 | 0.00 |